Loading...
| Fine Arts - Classical Music | 4 | 12.50 | 100% | 25% | 0% |
| Fine Arts - Other Fine Arts | 5 | 12.00 | 60% | 40% | 20% |
| Fine Arts - Visual Fine Arts | 5 | 16.00 | 80% | 60% | 20% |
| Geography/Current Events | 2 | 20.00 | 100% | 50% | 50% |
| History - American History | 6 | 15.00 | 67% | 50% | 33% |
| History - European History | 6 | 11.67 | 67% | 33% | 17% |
| History - Other History | 6 | 16.67 | 83% | 50% | 33% |
| History - World History | 6 | 16.67 | 67% | 83% | 17% |
| Literature - American Literature | 5 | 12.00 | 60% | 60% | 0% |
| Literature - British Literature | 8 | 16.25 | 100% | 50% | 13% |
| Literature - European Literature | 8 | 13.75 | 75% | 38% | 25% |
| Literature - World/Other Literature | 4 | 12.50 | 100% | 25% | 0% |
| Mythology | 6 | 20.00 | 83% | 100% | 17% |
| Other Academic | 2 | 20.00 | 100% | 100% | 0% |
| Philosophy | 5 | 14.00 | 80% | 40% | 20% |
| Pop Culture | 1 | 30.00 | 100% | 100% | 100% |
| Religion | 7 | 17.14 | 86% | 57% | 29% |
| Science - Biology | 8 | 17.50 | 75% | 63% | 38% |
| Science - Chemistry | 7 | 14.29 | 86% | 57% | 0% |
| Science - Other Science | 2 | 15.00 | 50% | 50% | 50% |
| Science - Physics | 2 | 15.00 | 100% | 50% | 0% |
| Social Science | 6 | 15.00 | 83% | 33% | 33% |
| World/Other Literature> | 1 | 10.00 | 100% | 0% | 0% |